00904nam a2200217 a 450000100100000000500170001000800410002704000130006808200190008110000170010024501530011726000360027030000210030650400730032750400410040065000460044165000410048765000420052870000180057071000980058800000737320250607073643.0090908s2004 dr 000 0 spa d aDO-SdBNP a658.382bS718s1 aSoto, Ivonne10aSalud mental en zonas francas :bun estudio en la República Dominicana /cIvonne Soto, Marija Miric ; presentación José Rodríguez Soldevila. aSanto Domingo :bSESPAS,c2004. a108 p. :b22 cm. aIncluye referencias bibliográficas y notas al pie de las páginas aIncluye bibliografías (p. 105-108) 4aSalud ocupacionalzRepública Dominicana 4aSalud mentalzRepública Dominicana 4aZonas francaszRepública Dominicana1 aMiric, Marija1 aRepública Dominicana. b Secretaria de Estado de Salud Pública y Asistencia Social (2001)